000 00943nam a2200253Ia 4500
003 OSt
005 20220923211324.0
006 a|||||r|||| 00| 0
007 ta
008 220922b |||||||| |||| 00| 0 hin d
020 _a9788181439635 (hbk)
_c495
024 _a241,461
037 _b445, 18/02/2010, Vani Prakashan
_cTextual
040 _aARTS
_cARTS
_bhin
041 _2hin
_ahin
082 _aO152,2N5:g(NT), P9
100 _aनरेन्द्र मोहन, संपा.
245 0 _aसमकालीन हिन्दी नाटक और रंगमंच
246 _aSamakālīn hindī nāṭak aur rangahincha
260 _aनयी दिल्ली
_b वाणी प्रकाशन
_c2009
300 _a303पृ.
_ccm.
942 _hO152,2N5:g(NT), P9
_cTEXL
_2CC
999 _c298493
_d298493